<?xml version="1.0" encoding="UTF-8"?>
<record
    xmlns:xsi="http://www.w3.org/2001/XMLSchema-instance"
    xsi:schemaLocation="http://www.loc.gov/MARC21/slim http://www.loc.gov/standards/marcxml/schema/MARC21slim.xsd"
    xmlns="http://www.loc.gov/MARC21/slim">

  <leader>02948cam a2200505 i 4500</leader>
  <controlfield tag="001">0008113528</controlfield>
  <controlfield tag="003">OSt</controlfield>
  <controlfield tag="005">20260528200158.0</controlfield>
  <controlfield tag="008">260202s2026    quc           000 f fre  </controlfield>
  <datafield tag="020" ind1=" " ind2=" ">
    <subfield code="a">9782764817469</subfield>
  </datafield>
  <datafield tag="020" ind1=" " ind2=" ">
    <subfield code="a">2764817460</subfield>
  </datafield>
  <datafield tag="040" ind1=" " ind2=" ">
    <subfield code="a">QMBN</subfield>
    <subfield code="b">fre</subfield>
    <subfield code="e">rda</subfield>
    <subfield code="c">QMBN</subfield>
    <subfield code="d">QMBND</subfield>
  </datafield>
  <datafield tag="050" ind1=" " ind2="4">
    <subfield code="a">PS9637*</subfield>
  </datafield>
  <datafield tag="082" ind1="0" ind2="4">
    <subfield code="a">C843/.6</subfield>
    <subfield code="b">S521a</subfield>
    <subfield code="2">23/fre/202604</subfield>
    <subfield code="m">b</subfield>
  </datafield>
  <datafield tag="082" ind1="0" ind2="4">
    <subfield code="a">843/.92</subfield>
    <subfield code="b">S521a</subfield>
    <subfield code="2">23/fre/202604</subfield>
  </datafield>
  <datafield tag="082" ind1="0" ind2="4">
    <subfield code="a">S5214ale</subfield>
    <subfield code="b">S521a</subfield>
    <subfield code="2">23/fre/202604</subfield>
    <subfield code="m">b</subfield>
  </datafield>
  <datafield tag="084" ind1=" " ind2=" ">
    <subfield code="a">C848/.92</subfield>
    <subfield code="b">S521a</subfield>
    <subfield code="2">z</subfield>
  </datafield>
  <datafield tag="091" ind1="0" ind2=" ">
    <subfield code="a">Seymour</subfield>
  </datafield>
  <datafield tag="100" ind1="1" ind2=" ">
    <subfield code="a">Seymour, Johanne</subfield>
    <subfield code="e">auteur</subfield>
  </datafield>
  <datafield tag="245" ind1="1" ind2="0">
    <subfield code="a">Alertes :</subfield>
    <subfield code="b">la face cach&#xE9;e du meurtre de Marilou Magloire /</subfield>
    <subfield code="c">Johanne Seymour</subfield>
  </datafield>
  <datafield tag="246" ind1="3" ind2="0">
    <subfield code="a">Face cach&#xEF;&#xBF;&#xBD;e du meurtre de Marilou Magloire</subfield>
  </datafield>
  <datafield tag="264" ind1=" " ind2="1">
    <subfield code="a">Montr&#xEF;&#xBF;&#xBD;al (Qu&#xEF;&#xBF;&#xBD;bec) :</subfield>
    <subfield code="b">Libre Expression,</subfield>
    <subfield code="c">[2026]</subfield>
  </datafield>
  <datafield tag="300" ind1=" " ind2=" ">
    <subfield code="a">299 pages ;</subfield>
    <subfield code="c">22 cm</subfield>
  </datafield>
  <datafield tag="336" ind1=" " ind2=" ">
    <subfield code="a">texte</subfield>
    <subfield code="b">txt</subfield>
    <subfield code="2">rdacontent</subfield>
  </datafield>
  <datafield tag="337" ind1=" " ind2=" ">
    <subfield code="a">sans m&#xEF;&#xBF;&#xBD;diation</subfield>
    <subfield code="b">n</subfield>
    <subfield code="2">rdamedia</subfield>
  </datafield>
  <datafield tag="338" ind1=" " ind2=" ">
    <subfield code="a">volume</subfield>
    <subfield code="b">nc</subfield>
    <subfield code="2">rdacarrier</subfield>
  </datafield>
  <datafield tag="490" ind1="0" ind2=" ">
    <subfield code="a">Riv&#xEF;&#xBF;&#xBD;s</subfield>
  </datafield>
  <datafield tag="500" ind1=" " ind2=" ">
    <subfield code="a">Sur la couverture : Une nouvelle histoire inspir&#xEF;&#xBF;&#xBD;e de la s&#xEF;&#xBF;&#xBD;rie t&#xEF;&#xBF;&#xBD;l&#xEF;&#xBF;&#xBD;</subfield>
  </datafield>
  <datafield tag="520" ind1=" " ind2=" ">
    <subfield code="a">Coup sur coup, les membres de l&#x2019;Escouade Cerb&#xE8;re sont confront&#xE9;s &#xE0; des enqu&#xEA;tes qui les troublent profond&#xE9;ment.
D&#x2019;abord sur le plan personnel quand, quatre ans apr&#xE8;s la mort de la s&#x153;ur du sergent Renaud Magloire, de nouvelles r&#xE9;v&#xE9;lations font vaciller les certitudes sur le meurtre de Marilou.
L&#x2019;AFFAIRE MAGLOIRE N&#x2019;&#xC9;TAIT-ELLE QUE L A POINTE D&#x2019;UN ICEBERG ?
Puis un dossier d&#xE9;licat aux rebondissements tragiques, la disparition de la jeune Faduna Hus-sein Ali, garde l&#x2019;escouade en haleine jusqu&#x2019;&#xE0; son d&#xE9;nouement.
Face &#xE0; ces enqu&#xEA;tes entrem&#xEA;l&#xE9;es, une ques-tion obs&#xE9;dante s&#x2019;impose : quel sort notre soci&#xE9;t&#xE9; r&#xE9;serve-t-elle aux femmes ?</subfield>
  </datafield>
  <datafield tag="650" ind1=" " ind2="6">
    <subfield code="a">Inspecteurs de police</subfield>
    <subfield code="v">Romans, nouvelles, etc.</subfield>
  </datafield>
  <datafield tag="650" ind1=" " ind2="6">
    <subfield code="a">Personnes disparues</subfield>
    <subfield code="v">Romans, nouvelles, etc.</subfield>
  </datafield>
  <datafield tag="650" ind1=" " ind2="6">
    <subfield code="a">Meurtre</subfield>
    <subfield code="x">Enqu&#xEF;&#xBF;&#xBD;tes</subfield>
    <subfield code="v">Romans, nouvelles, etc.</subfield>
  </datafield>
  <datafield tag="650" ind1=" " ind2="6">
    <subfield code="a">Femmes</subfield>
    <subfield code="x">Crimes contre</subfield>
    <subfield code="v">Romans, nouvelles, etc.</subfield>
  </datafield>
  <datafield tag="650" ind1=" " ind2="6">
    <subfield code="a">Crimes non r&#xEF;&#xBF;&#xBD;solus</subfield>
    <subfield code="v">Romans, nouvelles, etc.</subfield>
  </datafield>
  <datafield tag="651" ind1=" " ind2="6">
    <subfield code="a">Montr&#xEF;&#xBF;&#xBD;al, R&#xEF;&#xBF;&#xBD;gion de (Qu&#xEF;&#xBF;&#xBD;bec)</subfield>
    <subfield code="v">Romans, nouvelles, etc.</subfield>
  </datafield>
  <datafield tag="655" ind1=" " ind2="7">
    <subfield code="a">Romans qu&#xEF;&#xBF;&#xBD;b&#xEF;&#xBF;&#xBD;cois</subfield>
    <subfield code="y">21e si&#xEF;&#xBF;&#xBD;cle</subfield>
    <subfield code="2">local</subfield>
  </datafield>
  <datafield tag="655" ind1=" " ind2="7">
    <subfield code="a">Romans policiers</subfield>
    <subfield code="2">rvmgf</subfield>
  </datafield>
  <datafield tag="730" ind1="0" ind2=" ">
    <subfield code="i">Inspir&#xEF;&#xBF;&#xBD; de (&#x153;uvre) :</subfield>
    <subfield code="a">Alertes (&#xEF;&#xBF;&#xBD;mission de t&#xEF;&#xBF;&#xBD;l&#xEF;&#xBF;&#xBD;vision)</subfield>
  </datafield>
  <datafield tag="942" ind1=" " ind2=" ">
    <subfield code="2">ddc</subfield>
    <subfield code="c">ROM ADULTE</subfield>
  </datafield>
  <datafield tag="999" ind1=" " ind2=" ">
    <subfield code="c">18858</subfield>
    <subfield code="d">18858</subfield>
  </datafield>
  <datafield tag="952" ind1=" " ind2=" ">
    <subfield code="0">0</subfield>
    <subfield code="1">0</subfield>
    <subfield code="2">ddc</subfield>
    <subfield code="4">0</subfield>
    <subfield code="7">0</subfield>
    <subfield code="a">HENRYVILLE</subfield>
    <subfield code="b">HENRYVILLE</subfield>
    <subfield code="d">2026-05-28</subfield>
    <subfield code="l">0</subfield>
    <subfield code="o">S 5214ale</subfield>
    <subfield code="p">30001030026688</subfield>
    <subfield code="r">2026-05-28 20:02:36</subfield>
    <subfield code="w">2026-05-28</subfield>
    <subfield code="y">ROM ADULTE</subfield>
  </datafield>
</record>
